000 01165pam a2200373 a 4500
999 _c8705
_d8705
001 8705
003 BD-JhCC
005 20180301125802.0
008 000712s2000 vraa d 000 0 eng d
020 _a086462574X
020 _a086462574x
020 _a0864626088
035 _a(BD-JhCC)8705
035 _a2218362
040 _aANL
_dANL
_dBD-JhCC
041 _aeng
082 0 4 _a428.007
_221
_bGLA 2000
100 1 _aGlasson, Toni.
245 1 0 _aHeinemann English links three /
_cToni Glasson ... [et al.].
246 3 _aHeinemann English links 3
260 _aPort Melbourne :
_bHeinemann,
_c2000.
300 _aviii, 248 p. :
_bcol. ill. ;
_c28 cm.
490 1 _aHeinemann English links
650 0 _aEnglish language
_vProblems, exercises, etc.
650 0 _aEnglish language.
700 1 _aGlasson, Toni.
700 1 _aO'Hara, Marguerite.
_tHeinemann e English three : interactive student CD-ROM.
700 1 _aPryor, Michael.
_tHeinemann e English three : interactive student CD-ROM.
740 0 _aE English three.
740 0 _aHeinemann English three.
830 0 _aHeinemann English links.
942 _2ddc
_cBK